|
|
|
|
| LEADER |
01305nas a22002537a 4500 |
| 005 |
20230209140439.0 |
| 008 |
230208t2022 bg ||||| |||| 00| 0 ben d |
| 022 |
|
|
|a 2617-2771
|
| 040 |
|
|
|a BD-DhAAL
|c BD-DhAAL
|
| 041 |
|
|
|a ben
|
| 082 |
|
|
|a 059
|2 23
|
| 245 |
|
|
|a সর্বজনকথা :
|b রাজনীতি, অর্থনীতি, সমাজ বিশ্লেষণমূলক সংকলন-৩২ /
|c আনু মুহাম্মদ
|
| 260 |
|
|
|a ঢাকা :
|b মোশাহিদা সুলতানা,
|c ২০২২
|
| 300 |
|
|
|a Vol. 8, no. 4 (Aug./Oct. 2022) :
|b চিত্র ;
|c ৩০ সে.মি.
|
| 526 |
|
|
|a GenEd
|
| 541 |
|
|
|a Development Book Agency
|
| 650 |
|
|
|a Journal.
|9 53583
|
| 651 |
|
|
|a Bangladesh
|x Politics and government.
|
| 651 |
|
|
|a Bangladesh
|x Economic conditions.
|
| 700 |
|
|
|a মুহাম্মদ, আনু
|
| 942 |
|
|
|2 ddc
|c CR
|s 1
|
| 999 |
|
|
|c 45495
|d 45495
|
| 952 |
|
|
|0 0
|1 0
|2 ddc
|4 0
|6 059_000000000000000_SAR
|7 0
|9 73220
|a SCL
|b SCL
|c REF
|d 2023-02-09
|e Development Book Agency
|g 90.00
|h Vol. 8, no. 4 (Aug./Oct. 2022)
|l 0
|o 059 SAR
|r 2023-02-09
|t 1
|w 2023-02-09
|y CR
|
| 952 |
|
|
|0 0
|1 0
|2 ddc
|4 0
|6 059_000000000000000_SAR
|7 0
|9 73221
|a SCL
|b SCL
|c REF
|d 2023-02-09
|e Development Book Agency
|g 90.00
|h Vol. 8, no. 4 (Aug./Oct. 2022)
|l 0
|o 059 SAR
|r 2023-02-09
|t 2
|w 2023-02-09
|y CR
|